| 000 | 00359nam a22001457a 4500 | ||
|---|---|---|---|
| 020 | _qHB. | ||
| 040 | _cFIZZA ISHAQ | ||
| 082 |
_a004.36 _bHAG |
||
| 100 |
_aJENNIFER, ATTIYA HAGI. _987108 |
||
| 245 |
_aDISTRIBUTED COMPUTER / _cHAGI ATTIYA JENNIFER. |
||
| 250 | _a2nd ED. | ||
| 260 |
_aCANADA : _bJOHN WILEY, _c2004. |
||
| 300 | _a414 P. ; | ||
| 942 |
_2ddc _cBK |
||
| 999 |
_c587462 _d587462 |
||